00603nam a22001457a 4500020001800000082001700018100001200035245010300047260004200150300002100192880005200213942001200265999001900277952016100296 a9787020106974 a895.135bHUA aGu, Hua aA small town called Hibiscus (Chinese Edition):bFurong Town /cHua Gu and Translator: Gladys Yang aBeijing :bChinese Literature,c2016. a207 p. ;c22 cm. 6245-02\ra一个叫芙蓉的小镇: 芙蓉镇 / 2ddccBK c591722d591722 00102ddc406895_135000000000000_HUA709582931aCLbCLcCHISTd2022-10-12eDonated by China Embassyl0o895.135 HUApCL-D-1914r2022-10-12w2022-10-12yBK